[Event "SRB-ch U18"]
[Site "Vrbas"]
[Date "2015.04.10"]
[Round "2"]
[White "Ivic, Matija"]
[Black "Pavkov, Nebojsa"]
[Result "1/2-1/2"]
[WhiteElo "2098"]
[BlackElo "2225"]
[PlyCount "94"]
[EventDate "2015.04.09"]
[EventType "swiss"]
[EventRounds "9"]
[EventCountry "SRB"]
[SourceTitle "EXT 2016"]
[Source "ChessBase"]
[SourceDate "2015.10.08"]
[SourceVersion "1"]
[SourceVersionDate "2015.10.08"]
[SourceQuality "1"]

1. Nf3 f5 2. g3 Nf6 3. Bg2 g6 4. 0-0 Bg7 5. c4 0-0 6. Nc3 d6 7. d3 e5 8. Rb1 Qe8 9. b4 c6 10. b5 c5 11. Ne1 Nbd7 12. Nc2 Nb6 13. a4 a5 14. bxa6 Rxa6 15. a5 Na4 16. Bd2 Nxc3 17. Bxc3 Qe7 18. Qd2 f4 19. Rb2 Ng4 20. Be4 Bh6 21. Qd1 Qg5 22. Bg2 Qh5 23. h3 fxg3 24. fxg3 Be3+ 25. Nxe3 Nxe3 26. Rxf8+ Kxf8 27. Qe1 Nxg2 28. Qf2+ Ke8 29. Qxg2 Rc6 30. g4 Qg5 31. Bd2 Qf6 32. Rb1 Rc7 33. Rf1 Qe6 34. Qf3 Rf7 35. Qxf7+ Qxf7 36. Rxf7 Kxf7 37. e4 h5 38. gxh5 Bxh3 39. hxg6+ Kxg6 40. Kf2 Bg4 41. Ke3 Kh5 42. a6 bxa6 43. Ba5 Kg6 44. Bc7 Kf6 45. Bxd6 Bd7 46. Bxc5 Bc6 47. Bb6 Ke6 1/2-1/2

[Event "SRB-ch U18"]
[Site "Vrbas"]
[Date "2015.04.10"]
[Round "3"]
[White "Pavkov, Nebojsa"]
[Black "Todorovic, Nenad I"]
[Result "1-0"]
[WhiteElo "2225"]
[BlackElo "2216"]
[PlyCount "79"]
[EventDate "2015.04.09"]
[EventType "swiss"]
[EventRounds "9"]
[EventCountry "SRB"]
[SourceTitle "EXT 2016"]
[Source "ChessBase"]
[SourceDate "2015.10.08"]
[SourceVersion "1"]
[SourceVersionDate "2015.10.08"]
[SourceQuality "1"]

1. g3 c5 2. Bg2 Nc6 3. f4 g6 4. Nf3 Bg7 5. 0-0 d6 6. d3 e5 7. c3 Nge7 8. e4 0-0 9. Nbd2 b6 10. a4 Bb7 11. Ng5 h6 12. Nh3 f5 13. a5 Qc7 14. axb6 Qxb6 15. Nc4 Qc7 16. Nxd6 Qxd6 17. Qb3+ c4 18. Qxb7 cxd3 19. Qb3+ Kh7 20. Be3 Rab8 21. Qa2 fxe4 22. Bxe4 Nf5 23. Bf2 Rbe8 24. Qc4 Nce7 25. Qxd3 Qxd3 26. Bxd3 Rb8 27. Rfb1 Rfd8 28. Bxa7 Rxd3 29. Bxb8 e4 30. Rd1 Rf3 31. Re1 Ne3 32. Re2 N7d5 33. Nf2 Nf5 34. Rxe4 Nf6 35. Re2 Nd7 36. Ba7 g5 37. Rd1 Nf6 38. Kg2 Rxf2+ 39. Rxf2 Ng4 40. Re2 1-0

[Event "SRB-ch U18"]
[Site "Vrbas"]
[Date "2015.04.09"]
[Round "1"]
[White "Pavkov, Nebojsa"]
[Black "Mijajlovic, Jovan"]
[Result "1-0"]
[WhiteElo "2225"]
[BlackElo "1822"]
[PlyCount "65"]
[EventDate "2015.04.09"]
[EventType "swiss"]
[EventRounds "9"]
[EventCountry "SRB"]
[SourceTitle "EXT 2016"]
[Source "ChessBase"]
[SourceDate "2015.10.08"]
[SourceVersion "1"]
[SourceVersionDate "2015.10.08"]
[SourceQuality "1"]

1. e4 c5 2. Nf3 e6 3. d3 a6 4. g3 Qc7 5. Bg2 Nc6 6. c3 Nf6 7. 0-0 Be7 8. Re1 d6 9. a4 0-0 10. Nbd2 Bd7 11. Qe2 b5 12. e5 Nd5 13. exd6 Bxd6 14. Ne4 Be7 15. c4 Nb6 16. axb5 axb5 17. Rxa8 Rxa8 18. cxb5 Nb4 19. Bf4 Qc8 20. d4 c4 21. Ne5 N4d5 22. Nc3 Bf6 23. Nxd7 Qxd7 24. Be5 Bxe5 25. Qxe5 Rd8 26. Ra1 Nb4 27. Qc5 Qd6 28. Ne4 Qxc5 29. dxc5 N6d5 30. Bf1 Rc8 31. Bxc4 f5 32. Nd6 Rd8 33. Re1 1-0

[Event "Vojvodina-ch 5th"]
[Site "Novi Sad"]
[Date "2014.07.16"]
[Round "6"]
[White "Pavkov, Nebojsa"]
[Black "Pantelic, Sasa"]
[Result "0-1"]
[WhiteElo "1999"]
[BlackElo "2312"]
[PlyCount "64"]
[EventDate "2014.07.12"]
[EventType "swiss"]
[EventRounds "9"]
[EventCountry "YUG"]
[SourceTitle "CBM 161 Extra"]
[Source "ChessBase"]
[SourceDate "2014.08.29"]
[SourceVersion "1"]
[SourceVersionDate "2014.08.29"]
[SourceQuality "1"]

1. e4 c5 2. Nf3 d6 3. d4 cxd4 4. Nxd4 Nf6 5. Nc3 g6 6. Be3 Bg7 7. f3 0-0 8. Qd2 Nc6 9. 0-0-0 d5 10. exd5 Nxd5 11. Nxc6 bxc6 12. Bd4 e5 13. Bc5 Be6 14. Bc4 Re8 15. Nxd5 cxd5 16. Bxd5 Bxd5 17. Qxd5 Qc7 18. Bd6 Qb6 19. Qc5 Qa6 20. Kb1 Rac8 21. Qf2 Re6 22. Ba3 Rec6 23. Rd3 h5 24. Qe2 Kh7 25. c3 Rxc3 26. bxc3 Rxc3 27. Re3 Qb6+ 28. Bb2 Rxe3 29. Qd2 e4 30. fxe4 Rxe4 31. Rc1 Bxb2 32. Qxb2 Rh4 0-1

[Event "Senta op-B 17th"]
[Site "Senta"]
[Date "2013.07.15"]
[Round "4"]
[White "Nestorovic, Irena"]
[Black "Pavkov, Nebojsa"]
[Result "1-0"]
[WhiteElo "2039"]
[BlackElo "1954"]
[PlyCount "59"]
[EventDate "2013.07.13"]
[EventType "swiss"]
[EventRounds "9"]
[EventCountry "SRB"]
[SourceTitle "EXT 2014"]
[Source "ChessBase"]
[SourceDate "2013.11.20"]
[SourceVersion "1"]
[SourceVersionDate "2013.11.20"]
[SourceQuality "1"]

1. d4 g6 2. c4 Bg7 3. Nc3 d6 4. Nf3 Nf6 5. e4 0-0 6. Be2 Nc6 7. d5 Nb8 8. h3 c6 9. 0-0 b5 10. cxb5 cxd5 11. exd5 Nbd7 12. Nd4 Nb6 13. Nc6 Qc7 14. Bg5 e6 15. Rc1 exd5 16. a4 a5 17. Bf3 Be6 18. b3 Qd7 19. Be3 Nc8 20. Nxd5 Nxd5 21. Bxd5 Bxd5 22. Qxd5 Ne7 23. Qd2 Nf5 24. Bf4 Qe6 25. Qd3 Rfe8 26. Bd2 Qe2 27. Qxe2 Rxe2 28. Bxa5 Nd4 29. Nxd4 Bxd4 30. Bc3 1-0

[Event "Senta op-B 17th"]
[Site "Senta"]
[Date "2013.07.14"]
[Round "2"]
[White "Pavkov, Nebojsa"]
[Black "Kormanyos, Akos"]
[Result "1-0"]
[WhiteElo "1954"]
[BlackElo "1684"]
[PlyCount "33"]
[EventDate "2013.07.13"]
[EventType "swiss"]
[EventRounds "9"]
[EventCountry "SRB"]
[SourceTitle "EXT 2014"]
[Source "ChessBase"]
[SourceDate "2013.11.20"]
[SourceVersion "1"]
[SourceVersionDate "2013.11.20"]
[SourceQuality "1"]

1. d4 f5 2. e4 fxe4 3. Nc3 Nf6 4. Bg5 e6 5. Bxf6 Qxf6 6. Nxe4 Qf7 7. Nf3 d5 8. Ne5 Qe7 9. Qh5+ g6 10. Nxg6 hxg6 11. Qxh8 Qb4+ 12. Nd2 Qxb2 13. Rd1 Nc6 14. Bd3 Nxd4 15. Bxg6+ Kd8 16. Qxf8+ Kd7 17. Be8+ 1-0

[Event "Vojvodina-ch 4th"]
[Site "Novi Sad"]
[Date "2013.06.28"]
[Round "1"]
[White "Cabarkapa, Novak"]
[Black "Pavkov, Nebojsa"]
[Result "1-0"]
[WhiteElo "2341"]
[BlackElo "1921"]
[PlyCount "125"]
[EventDate "2013.06.28"]
[EventType "swiss"]
[EventRounds "9"]
[EventCountry "SRB"]
[SourceTitle "CBM 155 Extra"]
[Source "ChessBase"]
[SourceDate "2013.08.26"]
[SourceVersion "1"]
[SourceVersionDate "2013.08.26"]
[SourceQuality "1"]

1. e4 d6 2. d4 Nf6 3. Nc3 g6 4. Nf3 Bg7 5. h3 c6 6. Bd3 0-0 7. 0-0 Nbd7 8. Be3 e5 9. dxe5 dxe5 10. Ne2 Nh5 11. c3 f5 12. exf5 gxf5 13. Ng5 Nb6 14. Qb3+ Nd5 15. g4 h6 16. gxh5 hxg5 17. c4 Nxe3 18. fxe3 Qb6 19. c5+ Qxb3 20. axb3 Be6 21. Bc4 Bxc4 22. bxc4 Kh7 23. Rad1 Rf7 24. Ng3 Raf8 25. e4 fxe4 26. Rxf7 Rxf7 27. Nxe4 Kh6 28. Ng3 Bf8 29. b4 a5 30. bxa5 Bxc5+ 31. Kh1 Bb4 32. Kg2 Rf4 33. Rd7 Rxc4 34. Rxb7 Bxa5 35. Re7 Bc3 36. Re6+ Kh7 37. Re7+ Kh6 38. Re6+ Kh7 39. Nf5 Bb2 40. Rh6+ Kg8 41. Rg6+ Kh7 42. Rg7+ Kh8 43. h6 e4 44. Rb7 Be5 45. Ne7 Rc2+ 46. Kf1 Rc1+ 47. Ke2 Kh7 48. Nxc6+ Kxh6 49. Nxe5 Rc3 50. Ng4+ Kg6 51. Rb6+ Kg7 52. Nf2 Rg3 53. Re6 Ra3 54. Rxe4 Kg6 55. Re3 Ra1 56. Kf3 Kh5 57. Kg2 Ra2 58. Kg3 Ra1 59. Ng4 Rf1 60. Nh2 Rg1+ 61. Kf2 Ra1 62. Nf3 Ra5 63. Re5 1-0

[Event "SRB Kadetski festival U16 6th"]
[Site "Vrnjacka Banja"]
[Date "2012.04.14"]
[Round "7"]
[White "Jokic, Jovan"]
[Black "Pavkov, Nebojsa"]
[Result "0-1"]
[WhiteElo "1615"]
[BlackElo "1955"]
[PlyCount "68"]
[EventDate "2012.04.10"]
[EventType "swiss"]
[EventRounds "9"]
[EventCountry "SRB"]
[SourceTitle "CBM 148 Extra"]
[Source "ChessBase"]
[SourceDate "2012.06.22"]
[SourceVersion "1"]
[SourceVersionDate "2012.06.22"]
[SourceQuality "1"]

1. e4 e5 2. Nf3 Nc6 3. Bc4 Bc5 4. c3 Nf6 5. d4 exd4 6. cxd4 Bb4+ 7. Bd2 Nxe4 8. Bxb4 Nxb4 9. Bxf7+ Kxf7 10. Qb3+ d5 11. Qxb4 Rf8 12. 0-0 Kg8 13. Nbd2 Qf6 14. Rae1 Nxd2 15. Qxd2 Bd7 16. Re3 Bf5 17. Ne5 Rae8 18. Rfe1 Qa6 19. Qe2 Qa4 20. Qd2 Qa6 21. Qb4 b6 22. Nc6 Rxe3 23. Rxe3 h6 24. Ne7+ Kh7 25. Nxd5 Qxa2 26. h3 Rf7 27. Qb3 Qxb3 28. Rxb3 Be6 29. Ra3 Bxd5 30. Rxa7 Kg6 31. Ra3 Re7 32. Rc3 Re1+ 33. Kh2 c6 34. Rc2 Rd1 0-1